Imię męskie zakończone na "sz". - Statystyki

Ogólne statystyki
  • Ten quiz został rozwiązany 213 razy
  • Średni wynik to 4 z 10
Statystyki odpowiedzi
Odpowiedź % Poprawnych
Mariusz
65%
Mateusz
63%
Janusz
52%
Łukasz
52%
Miłosz
51%
Miłosz
51%
Dariusz
47%
Arkadiusz
30%
Juliusz
19%
Jeremiasz
9%
Nie znaleziono quizów pasujących do podanych kryteriów
Rozkład punktacji
Procent ludzi z każdym wynikiem
Percentyl według liczby udzielonych odpowiedzi
Twoja historia wyników
Nie rozwiązałeś tego quizu